| 000 | 00477cam a2200181ua 4500 | ||
|---|---|---|---|
| 020 | _c18.00 | ||
| 041 |
_aeng _h |
||
| 082 |
_a547 _bFER/MO |
||
| 100 | _aFerguson, Llyod N . | ||
| 245 |
_aModern structural theory of organic chemistry / _cLlyod N Ferguson. _hTextual Documents |
||
| 250 |
_a1 / _b. |
||
| 260 |
_aNew Delhi : _bPrentice Hall of India Pvt Ltd. , _c1966. |
||
| 300 | _a600 ; . | ||
| 365 | _a18.00 | ||
| 504 | _a | ||
| 942 | _cBK | ||
| 999 |
_c7542 _d7542 |
||